000 00398nam a22001457a 4500
020 _a0-309-04103-1
082 _a625.8
_bNAT
_cD
100 _aNational Research Council
_926742
245 _aPavement and bridge maintenance
260 _aThe World Bank
_bWashington D.C
300 _a53 p. :
_bill. :
_c10 Cm
526 _a0
_b0
_c0
_d625_800000000000000_NAT
650 _aMCE
_9379
942 _2ddc
_cBK
999 _c547618
_d547618